000 00829nam a2200289Ia 4500
003 OSt
005 20221005093223.0
006 a|||||r|||| 00| 0
007 ta
008 221004b |||||||| |||| 00| 0 eng d
020 _a0670209279
024 _a37871
037 _cTextual
040 _aCRL
_cCRL
_beng
041 _2eng
_aeng
082 _aO111,1N30,CB, L8
100 _aHughes Ted
110 _aGift from Prof Amitava Banerjee, London
245 0 _aCave birds
_b An alchemical drama
260 _aNew York
_bViking Press USA
_c1978
300 _a60p.
_ccm.
650 _aENGLISH LITERATURE
700 _a Baskin Leonard
_9618232
700 _aGift from Prof Amitava Banerjee, London
942 _hO111,1N30,CB, L8
_cTEXL
_2cc
999 _c1000019
_d1000019